| 000 | 01358nam a2200337 i 4500 | ||
|---|---|---|---|
| 001 | 000039027 | ||
| 003 | DO-SdBNP | ||
| 005 | 20250312102407.0 | ||
| 007 | ta | ||
| 008 | 110504s2013 dr ac 000 0 spa d | ||
| 040 |
_aDO-SdBNP _bspa _cBNPHU _erda |
||
| 041 | _aspa | ||
| 082 | 4 |
_a021.7 _bF356d 2013 _222 |
|
| 111 | 2 |
_aFeria Internacional del libro _n(16a. : _d2013 : 22 abril al 5 de mayo _cSanto Domingo) _965269 |
|
| 245 | 1 | 0 |
_aXVI feria Internacional del Libro Santo Domingo 2013 : _bPrograma. |
| 246 | 1 | 3 | _aDecimasexta Feria Internacional del Libro Santo Domingo 2013 |
| 264 | 4 |
_aSanto Domingo : _bEdiciones Ferilibro, _c©2013. |
|
| 300 |
_a252 páginas : _bilustraciones, retratos ; _c24 cm. |
||
| 336 |
_atexto _btxt _2rdacontent |
||
| 337 |
_asin mediación _bn _2rdamedia |
||
| 338 |
_avolumen _bnc _2rdacarrier |
||
| 500 | _aDedicada a Hilma Contreras, país invitado de honor Ecuador | ||
| 500 | _aEn homenaje al natalicio de Juan Pablo Duarte | ||
| 590 | _aInventariado, 2018/VM | ||
| 611 | 2 | 4 |
_aFeria Internacional del Libro _xProgramas _n(16ª : _d2013 _965270 |
| 650 | 4 |
_aIndustria del libro _zRepública Dominicana _953136 |
|
| 650 | 4 |
_aFeria del libro _zRepública Dominicana _y2004 _953137 |
|
| 651 | 4 |
_a Santo Domingo (República Dominicana) _xHistoria local _985361 |
|
| 910 | _aValidado. Control de calidad. EMS | ||
| 942 |
_2ddc _cLBS1 |
||
| 999 |
_c38517 _d38517 |
||